006890000a220013300045001000022000002450059000223000054000815000026001355200234001617730045003959420008004409520090004489990017005381 aBustelo, Gabriela10aLa rebelíon de los jurados : Crisis en la literatura aVol.0, núm.2 (Noviembre, 2005), Páginas 20-21 aEscritora española. aEste octubre, jurados de premios literarios como el Nobel y el Planeta decidieron tirar la toalla. Denigran de los escritores, de los premios mismos, de las editoriales y de las academias. ¿Qué diablos está pasando aquí?0 tArcadia / Andrés Felipe Solano, Editor cANA 001040708HEMaFUSBCbFUSBCd2016-01-26l0o r2016-01-26 00:00:00w2016-01-26yANA c61717d61717